| 000 | 00543nam a22001697a 4500 | ||
|---|---|---|---|
| 005 | 20180627155905.0 | ||
| 010 | _aENG-121386 | ||
| 020 |
_a978935080063 _c330.00 |
||
| 035 | _aEN-104918 | ||
| 037 | _bDBAD/PUB | ||
| 100 | _aPatil, kesari | ||
| 245 |
_aA journey called life : _bmemories of a successful pioneer of Indain tourisum / |
||
| 260 |
_aPune _bAmeya Inspiring Book _c2013 |
||
| 270 |
_a207, Business Guild, Law college road, _bPune _e411004 |
||
| 300 |
_a236p. _b21cm.(pbk) |
||
| 942 |
_2ddc _cEN _e2013 _h808.883 _mPAT |
||
| 999 |
_c147374 _d147374 |
||